000 00566nam a2200181 4500
001 140134
003 ES-MaACL
005 20230906200020.0
007 t|
008 070214s1969 sp r ||||1| spa d
100 1 _aSchulman, Ivan A.
_9104763
245 1 0 _aMartí, Darío y el modernismo /
_cIvan A. Schulman, Manuel Pedro González ; prólogo de Cintio Vitier.
260 _aMadrid :
_bGredos,
_c1969.
300 _a268 p. ;
_c21 cm.
700 1 _aVitier, Cintio.
_9115513
700 1 _aGonzález, Manuel Pedro.
_958361
852 _aES-MaACL
_jC-35986
_bR.69704
999 _c140134
_d140134